[Event "3MCR_3DW_1L_2S"]
[Site "?"]
[Date "2009.??.??"]
[Round "?"]
[White "Hrdy, Roman"]
[Black "Vozda, Jindrich"]
[Result "0-1"]
[WhiteElo "2264"]
[BlackElo "2444"]
[Annotator "071"]
[PlyCount "96"]
[EventDate "2009.??.??"]
[EventType "corr"]
[SourceDate "2002.06.29"]

1. d4 Nf6 2. Bg5 e6 3. e4 c5 4. d5 Qb6 5. Nc3 Qxb2 6. Nge2 Qb6 7. Rb1 Qa5 8.
Bd2 Qd8 9. Ng3 a6 10. a4 d6 11. Bc4 Be7 12. O-O O-O 13. a5 Re8 14. Qe2 Bf8 15.
dxe6 Bxe6 16. Bxe6 fxe6 17. Rxb7 Nc6 18. Rfb1 Nxa5 19. R7b6 Qc8 20. Na4 Nc6 21.
R6b2 Rb8 22. Nb6 Nd4 23. Qd3 Qc6 24. Bf4 Rb7 25. c3 Reb8 26. Qxa6 Nxe4 27. cxd4
Nc3 28. dxc5 Nxb1 29. Rxb1 g5 30. Bd2 d5 31. Rc1 Bxc5 32. Qa5 Bxb6 33. Rxc6
Bxa5 34. Bxa5 Rb1+ 35. Nf1 Rd1 36. Rb6 Rc8 37. Bd2 Ra8 38. Bc3 d4 39. Bb2 e5
40. g4 Kf7 41. Kg2 Ra2 42. h3 h6 43. Rb7+ Ke6 44. Rb6+ Kd5 45. Rb5+ Kc6 46. Rb4
Kc5 47. Rb7 Kc4 48. Rb6 Kd3 0-1

[Event "3MCR_3DW_1L_1S"]
[Site "?"]
[Date "2009.??.??"]
[Round "?"]
[White "Hybl, Vladislav"]
[Black "Popelka, Miloslav"]
[Result "1/2-1/2"]
[WhiteElo "2307"]
[BlackElo "2260"]
[Annotator "070"]
[PlyCount "60"]
[EventDate "2009.??.??"]
[EventType "corr"]
[SourceDate "2002.06.29"]

1. d4 Nf6 2. c4 e6 3. Nc3 Bb4 4. e3 O-O 5. Bd3 d5 6. Nf3 c5 7. O-O dxc4 8. Bxc4
Nbd7 9. a3 cxd4 10. axb4 dxc3 11. bxc3 Qc7 12. Qb3 b6 13. Be2 Bb7 14. Rd1 Rfc8
15. c4 h6 16. Bb2 a5 17. Nd4 axb4 18. Qxb4 Rxa1 19. Rxa1 Qd8 20. Nb5 Ra8 21.
Rd1 Bc6 22. f3 Qf8 23. Qxf8+ Kxf8 24. e4 Ra2 25. Rd2 Bxb5 26. cxb5 Nc5 27. Bc3
Ra8 28. Rd1 Nfd7 29. Ra1 Rxa1+ 30. Bxa1 e5 1/2-1/2

[Event "3MCR_3DW_1L_1S"]
[Site "?"]
[Date "2009.??.??"]
[Round "?"]
[White "Hybl, Vladislav"]
[Black "Kuta, Jiri"]
[Result "1/2-1/2"]
[WhiteElo "2307"]
[BlackElo "2359"]
[Annotator "071"]
[PlyCount "74"]
[EventDate "2009.??.??"]
[EventType "corr"]
[SourceDate "2002.06.29"]

1. d4 Nf6 2. c4 e6 3. Nc3 Bb4 4. e3 c5 5. Bd3 Nc6 6. Nf3 Bxc3+ 7. bxc3 d6 8.
O-O e5 9. Nd2 O-O 10. Rb1 Qc7 11. Ne4 Nxe4 12. Bxe4 f5 13. Bd5+ Kh8 14. f3 Bd7
15. dxe5 dxe5 16. Bd2 Rad8 17. Be1 b6 18. Bh4 Rde8 19. Qc2 Qd6 20. Rbd1 Qh6 21.
Bf2 Rd8 22. Rd2 Qf6 23. Rfd1 Qe7 24. e4 f4 25. Rd3 Be8 26. Qd2 Rd6 27. Bxc6
Rxc6 28. Rd8 h6 29. a4 a5 30. Rb8 Rg8 31. Rb1 Qc7 32. Qd8 Qxd8 33. Rxd8 Bf7 34.
Rd7 Bxc4 35. Rb7 Rd8 36. h4 Rdd6 37. h5 Ba2 1/2-1/2

[Event "3MCR_3DW_1L_1S"]
[Site "?"]
[Date "2009.??.??"]
[Round "?"]
[White "Popelka, Miloslav"]
[Black "Sochor, Frantisek"]
[Result "1/2-1/2"]
[WhiteElo "2260"]
[BlackElo "2375"]
[Annotator "072"]
[PlyCount "92"]
[EventDate "2009.??.??"]
[EventType "corr"]
[SourceDate "2002.06.29"]

1. e4 e5 2. Nf3 Nf6 3. Nxe5 d6 4. Nf3 Nxe4 5. d4 d5 6. Bd3 Nc6 7. O-O Be7 8. c4
Nb4 9. Be2 O-O 10. Nc3 Bf5 11. a3 Nxc3 12. bxc3 Nc6 13. Re1 Re8 14. cxd5 Qxd5
15. Bf4 Rac8 16. Bd3 Qd7 17. Qc2 Bxd3 18. Qxd3 h6 19. h3 Bd6 20. Be3 b6 21. Qc2
Ne7 22. c4 Nf5 23. Bd2 Rxe1+ 24. Bxe1 c5 25. d5 Nd4 26. Nxd4 cxd4 27. a4 Qe8
28. g3 f5 29. Rd1 f4 30. gxf4 Bxf4 31. Bb4 a5 32. Ba3 Qe5 33. Bb2 d3 34. Rxd3
Qe1+ 35. Kg2 Qe4+ 36. Kg1 Rxc4 37. Qd1 Bd6 38. Rd4 Qc2 39. Qe1 Rc7 40. Re4 Qxb2
41. Re8+ Kh7 42. Qe4+ g6 43. Qe6 Bh2+ 44. Kg2 Rg7 45. Kxh2 Qxf2+ 46. Kh1 Qf1+
1/2-1/2

[Event "3MCR_3DW_1L_3S"]
[Site "?"]
[Date "2009.??.??"]
[Round "?"]
[White "Riha, Jan"]
[Black "Schoupal, Patrik"]
[Result "1/2-1/2"]
[WhiteElo "2275"]
[BlackElo "2000"]
[Annotator "077"]
[PlyCount "78"]
[EventDate "2009.??.??"]
[EventType "corr"]
[SourceDate "2002.06.29"]

1. e4 c5 2. Nf3 d6 3. d4 cxd4 4. Nxd4 Nf6 5. Nc3 a6 6. Be2 e5 7. Nb3 Be7 8. O-O
O-O 9. Kh1 Nc6 10. f4 b5 11. Bf3 Bb7 12. Nd5 exf4 13. Bxf4 Ne5 14. Nd4 Nxd5 15.
exd5 Qd7 16. c3 Nxf3 17. Qxf3 Rfe8 18. Rad1 Rac8 19. Bg3 Bf8 20. Nf5 Rc7 21.
Ne3 h5 22. a3 g6 23. Bf4 f5 24. Qg3 Kh7 25. Rfe1 Rc5 26. h3 Re4 27. Kh2 Bg7 28.
Kg1 Be5 29. Bxe5 Rxe5 30. Qf2 Qf7 31. h4 a5 32. Rd4 Qe7 33. Rdd1 Kg7 34. g3 Re4
35. Kh2 a4 36. Rd4 Re5 37. Qd2 Qf7 38. Kg1 Qe8 39. Kf2 Rc7 1/2-1/2

[Event "3MCR_3DW_1L_1S"]
[Site "?"]
[Date "2009.??.??"]
[Round "?"]
[White "Nepustil, Frantisek"]
[Black "Houska, Jiri"]
[Result "1/2-1/2"]
[WhiteElo "2322"]
[BlackElo "2303"]
[Annotator "073"]
[PlyCount "103"]
[EventDate "2009.??.??"]
[EventType "corr"]
[SourceDate "2002.06.29"]

1. e4 e6 2. d4 d5 3. Nc3 Nf6 4. Bg5 Be7 5. e5 Nfd7 6. h4 Bxg5 7. hxg5 Qxg5 8.
Nh3 Qe7 9. Qg4 g6 10. Ng5 h6 11. Bd3 Nc6 12. Nxf7 h5 13. Qg3 h4 14. Qg4 Kxf7
15. Bxg6+ Kf8 16. Nb5 Ndxe5 17. dxe5 Qg7 18. Qf4+ Kg8 19. Be8 Nxe5 20. Rxh4
Rxh4 21. Qxh4 b6 22. Bh5 Bd7 23. Nxc7 Rf8 24. Kf1 d4 25. Re1 d3 26. Bd1 Ng6 27.
Qg3 Nf4 28. Qxg7+ Kxg7 29. Re4 Rh8 30. Kg1 e5 31. cxd3 Rc8 32. Rc4 Nxd3 33. Ba4
Bxa4 34. Ne6+ Kf6 35. Rxc8 Kxe6 36. b3 Bd7 37. Ra8 b5 38. Rxa7 b4 39. g4 Bc6
40. Ra6 Kd5 41. Rb6 Kc5 42. Rb8 Be4 43. Kf1 Kd4 44. Rc8 Bd5 45. g5 Nf4 46. Rb8
Kc3 47. Rb5 Bg2+ 48. Kg1 Be4 49. Rxe5 Bb1 50. Ra5 Kb2 51. Ra4 Bxa2 52. Rxb4
1/2-1/2

[Event "3MCR_3DW_1L_2S"]
[Site "?"]
[Date "2009.??.??"]
[Round "?"]
[White "Blecha, Miroslav"]
[Black "Cipka, Ivan"]
[Result "1/2-1/2"]
[WhiteElo "2298"]
[BlackElo "2194"]
[Annotator "072"]
[PlyCount "48"]
[EventDate "2009.??.??"]
[EventType "corr"]
[SourceDate "2002.06.29"]

1. e4 e5 2. Nf3 Nf6 3. Nxe5 d6 4. Nf3 Nxe4 5. Nc3 Nxc3 6. dxc3 Be7 7. Bf4 O-O
8. Qd2 Be6 9. O-O-O a5 10. Kb1 Nc6 11. h4 Bg4 12. h5 Bf6 13. Bc4 a4 14. a3 Ra5
15. h6 g6 16. Rhe1 Qd7 17. Bd5 Ne7 18. Be4 Rh5 19. Rh1 Rxh1 20. Rxh1 d5 21. Bd3
Bxf3 22. gxf3 c6 23. Be3 Qd6 24. Re1 b5 1/2-1/2

[Event "3MCR_3DW_1L_3S"]
[Site "?"]
[Date "2009.??.??"]
[Round "?"]
[White "Ryska, Jiri"]
[Black "Tunega, Frantisek"]
[Result "0-1"]
[WhiteElo "2104"]
[BlackElo "2003"]
[Annotator "078"]
[PlyCount "140"]
[EventDate "2009.??.??"]
[EventType "corr"]
[SourceDate "2002.06.29"]

1. d4 Nf6 2. c4 d6 3. Nf3 g6 4. Nc3 Bg7 5. e4 O-O 6. Be2 e5 7. dxe5 dxe5 8.
Qxd8 Rxd8 9. Bg5 Re8 10. h3 c6 11. g4 Nbd7 12. Be3 Bf8 13. g5 Nh5 14. O-O-O Nc5
15. Kb1 b6 16. Nd2 Nf4 17. Bg4 Ng2 18. Bxc5 Bxc5 19. Bxc8 Raxc8 20. Nb3 Bb4 21.
Rd7 Re7 22. Rhd1 Nf4 23. h4 Rc7 24. Rxc7 Rxc7 25. c5 Ng2 26. cxb6 axb6 27. Na4
Rb7 28. Rd8+ Kg7 29. Rc8 Nxh4 30. Rxc6 Nf3 31. Nxb6 Nxg5 32. a3 Bf8 33. Na5 Re7
34. Nd5 Ra7 35. Nc4 Nxe4 36. b4 h5 37. f3 Ng5 38. b5 Nxf3 39. b6 Ra8 40. Nc7
Nd4 41. Nxe5 Rb8 42. Rc4 Rxb6+ 43. Ka2 Ne6 44. Ne8+ Kh8 45. Nxf7+ Kg8 46. Ne5
Nc5 47. Nc7 g5 48. Nd5 Re6 49. Nf3 Re2+ 50. Kb1 Rf2 51. Rc3 Ne4 52. Re3 Rxf3
53. Rxe4 Kf7 54. Kc2 h4 55. Re3 Rxe3 56. Nxe3 Bxa3 57. Kd3 Bc5 58. Ng4 h3 59.
Ke4 Kg6 60. Kf3 Kh5 61. Nf6+ Kh4 62. Ng4 Bd6 63. Ne3 Bf4 64. Ng4 h2 65. Nf2 Bg3
66. Nh1 Be1 67. Kg2 Kg4 68. Kxh2 Kf3 69. Kg1 g4 70. Kf1 Bd2 0-1

[Event "3MCR_3DW_1L_1S"]
[Site "?"]
[Date "2009.??.??"]
[Round "?"]
[White "Ryvova, Anna"]
[Black "Jandovsky, Viktor"]
[Result "1-0"]
[WhiteElo "2315"]
[BlackElo "2285"]
[Annotator "074"]
[PlyCount "67"]
[EventDate "2009.??.??"]
[EventType "corr"]
[SourceDate "2002.06.29"]

1. d4 Nf6 2. c4 e6 3. Nc3 Bb4 4. Nf3 b6 5. Bg5 Bb7 6. e3 h6 7. Bh4 Bxc3+ 8.
bxc3 d6 9. Nd2 Nbd7 10. f3 Qe7 11. Bd3 e5 12. e4 g5 13. Bf2 Nh5 14. Nf1 f5 15.
Ne3 fxe4 16. Bxe4 Bxe4 17. fxe4 Nf4 18. Nf5 Qf7 19. g3 Nh3 20. Qa4 O-O-O 21.
Qxa7 Nf6 22. Qa8+ Kd7 23. Qa4+ Kc8 24. c5 dxc5 25. dxc5 Nxf2 26. Kxf2 Kb7 27.
c6+ Kb8 28. Ke3 Qe6 29. Rab1 Rhf8 30. Rhd1 Ng4+ 31. Ke2 Rxd1 32. Rxd1 Nf6 33.
Rd2 h5 34. Ke1 1-0

[Event "3MCR_3DW_1L_3S"]
[Site "?"]
[Date "2009.??.??"]
[Round "?"]
[White "Splichal, Josef"]
[Black "Alexa, Jaroslav"]
[Result "0-1"]
[WhiteElo "2204"]
[BlackElo "2325"]
[Annotator "079"]
[PlyCount "94"]
[EventDate "2009.??.??"]
[EventType "corr"]
[SourceDate "2002.06.29"]

1. e4 c5 2. Nf3 d6 3. d4 cxd4 4. Nxd4 Nf6 5. Nc3 a6 6. Bg5 e6 7. Be2 Be7 8. O-O
O-O 9. Qd3 b5 10. Bf3 Nfd7 11. Bxe7 Qxe7 12. Qd2 Bb7 13. a3 Rd8 14. Rfd1 Ne5
15. Be2 Nbd7 16. b4 Nb6 17. a4 Nec4 18. Bxc4 Nxc4 19. Qe1 bxa4 20. Nxa4 Rac8
21. c3 Qg5 22. Qe2 e5 23. Nf5 g6 24. h4 Qf6 25. Ne3 Nxe3 26. Qxe3 Qxh4 27. f3
f5 28. exf5 gxf5 29. Ra2 Kh8 30. Rf2 Rc7 31. Qb6 Qe7 32. Qe3 Rg8 33. Qd3 Qg7
34. Qe3 f4 35. Qd2 Rf7 36. Nb2 Rf6 37. Nd3 Qf7 38. Ne1 Rh6 39. Qd3 d5 40. Ra1
Qf6 41. Ra5 Rh5 42. Rc5 Bc6 43. c4 dxc4 44. Qc3 Qh6 45. Kf1 Rh1+ 46. Ke2 Rd8
47. Rf1 Rh5 0-1

[Event "3MCR_3DW_1L_1S"]
[Site "?"]
[Date "2009.??.??"]
[Round "?"]
[White "Jandovsky, Viktor"]
[Black "Jirku, Jaroslav"]
[Result "1-0"]
[WhiteElo "2285"]
[BlackElo "2305"]
[Annotator "075"]
[PlyCount "73"]
[EventDate "2009.??.??"]
[EventType "corr"]
[SourceDate "2002.06.29"]

1. e4 c5 2. Nf3 d6 3. d4 cxd4 4. Nxd4 Nf6 5. Nc3 a6 6. Be3 e6 7. f3 b5 8. Qd2
Nbd7 9. g4 Nb6 10. a4 Nc4 11. Bxc4 bxc4 12. g5 Nd7 13. f4 Bb7 14. f5 Nc5 15.
fxe6 fxe6 16. Qg2 g6 17. O-O-O Bg7 18. Rhf1 Qe7 19. Qg4 Rf8 20. Rxf8+ Kxf8 21.
Nf3 Bxc3 22. Bxc5 Bxb2+ 23. Kxb2 dxc5 24. Ne5 Bc6 25. Qf4+ Kg8 26. Qf6 Qxf6 27.
gxf6 Bxa4 28. Rd6 Rb8+ 29. Kc3 Bb5 30. Rxe6 Kf8 31. Nf3 h6 32. e5 Rb7 33. Rd6
Kf7 34. Nd2 Rb8 35. Ne4 Re8 36. Rd5 Ke6 37. Rxc5 1-0

[Event "3MCR_3DW_1L_1S"]
[Site "?"]
[Date "2009.??.??"]
[Round "?"]
[White "Popelka, Miloslav"]
[Black "Houska, Jiri"]
[Result "1/2-1/2"]
[WhiteElo "2260"]
[BlackElo "2303"]
[Annotator "076"]
[PlyCount "79"]
[EventDate "2009.??.??"]
[EventType "corr"]
[SourceDate "2002.06.29"]

1. e4 c5 2. Nf3 d6 3. d4 cxd4 4. Nxd4 Nf6 5. Nc3 g6 6. Be3 Bg7 7. f3 O-O 8. Qd2
Nc6 9. Bc4 Bd7 10. O-O-O Rc8 11. Bb3 Ne5 12. Kb1 Re8 13. h4 h5 14. Bh6 Nc4 15.
Bxc4 Rxc4 16. Bxg7 Kxg7 17. Nd5 e5 18. Nxf6 Qxf6 19. Nb3 Re6 20. Qe3 b6 21. Nc1
Qd8 22. Rd2 Qc7 23. Ne2 Qc5 24. Qxc5 Rxc5 25. Rhd1 Rc6 26. Nc3 Kf8 27. Nd5 f5
28. b3 b5 29. Kb2 Kf7 30. g3 a6 31. Nb4 Rb6 32. c3 fxe4 33. fxe4 Kg7 34. Nd5
Rb7 35. Rc2 Bc6 36. c4 b4 37. Rf2 a5 38. Rdf1 Bxd5 39. cxd5 Ree7 40. Rf6
1/2-1/2

[Event "3MCR_3DW_1L_1S"]
[Site "?"]
[Date "2009.??.??"]
[Round "?"]
[White "Jirku, Jaroslav"]
[Black "Houska, Jiri"]
[Result "0-1"]
[WhiteElo "2305"]
[BlackElo "2303"]
[Annotator "077"]
[PlyCount "80"]
[EventDate "2009.??.??"]
[EventType "corr"]
[SourceDate "2002.06.29"]

1. e4 c5 2. Nf3 d6 3. d4 cxd4 4. Nxd4 Nf6 5. Nc3 g6 6. Be3 Bg7 7. f3 O-O 8. Qd2
Nc6 9. Bc4 Bd7 10. O-O-O Rc8 11. Bb3 Ne5 12. h4 h5 13. Bg5 Rc5 14. Kb1 Re8 15.
Rhe1 Qa5 16. a3 Qa6 17. f4 Nc4 18. Bxc4 Rxc4 19. Bxf6 Bxf6 20. e5 Bg7 21. Qe3
dxe5 22. fxe5 Bg4 23. Rd3 Rd8 24. Nf3 Rxd3 25. Qxd3 Bxf3 26. gxf3 Rxh4 27. Qd8+
Bf8 28. Nd5 Qe6 29. Nc7 Qc6 30. e6 Rh2 31. exf7+ Kxf7 32. c3 Kg8 33. Re4 Qd6
34. Qxd6 exd6 35. Nd5 h4 36. Rf4 Bg7 37. Ne7+ Kh7 38. Rg4 h3 39. Rh4+ Bh6 40.
Ng8 Kxg8 0-1

[Event "3MCR_3DW_1L_3S"]
[Site "?"]
[Date "2009.??.??"]
[Round "?"]
[White "Ryska, Jiri"]
[Black "Splichal, Josef"]
[Result "1/2-1/2"]
[WhiteElo "2104"]
[BlackElo "2204"]
[Annotator "080"]
[PlyCount "160"]
[EventDate "2009.??.??"]
[EventType "corr"]
[SourceDate "2002.06.29"]

1. d4 Nf6 2. c4 e6 3. Nf3 b6 4. Nc3 Bb4 5. Qc2 Bb7 6. Bg5 h6 7. Bh4 g5 8. Bg3
d6 9. Nd2 Nbd7 10. f3 Nh5 11. Bf2 c5 12. dxc5 Nxc5 13. a3 Bxc3 14. Qxc3 Qf6 15.
Bd4 e5 16. Bf2 Qg6 17. b4 Ne6 18. e3 O-O 19. Bd3 f5 20. g4 Nhg7 21. gxf5 Nxf5
22. h4 Qh5 23. Bxf5 Rxf5 24. e4 Rf4 25. O-O-O g4 26. Rhg1 Kh7 27. fxg4 Rxg4 28.
Rxg4 Qxg4 29. Rg1 Qf4 30. Qh3 Qf6 31. Be3 Rg8 32. Rxg8 Kxg8 33. Qg4+ Kh7 34.
Kb2 Bc8 35. Nb1 Qg6 36. Qf3 Nf4 37. Bxf4 Qf6 38. Qc3 Qxf4 39. Qd3 Qf2+ 40. Nd2
Qf8 41. Kc3 Kg6 42. Qe2 Be6 43. h5+ Kf7 44. c5 dxc5 45. Qf1+ Ke8 46. Qxf8+ Kxf8
47. bxc5 bxc5 48. Nf3 Kf7 49. Nxe5+ Kf6 50. Nd3 c4 51. Nc5 Bf7 52. Kd4 Kg5 53.
e5 Kf4 54. a4 c3 55. Nd3+ Kf5 56. Kxc3 Bxh5 57. Kd4 Bf7 58. a5 h5 59. Ke3 h4
60. Nb4 Kxe5 61. Nc6+ Kf5 62. Nd4+ Kg4 63. Nf3 h3 64. Kf2 Bd5 65. Ne5+ Kf5 66.
Kg3 Kxe5 67. Kxh3 Kd4 68. Kg3 Kc4 69. Kf4 Kb5 70. Ke3 Kb4 71. Kd3 Kb3 72. Kd2
Be4 73. Ke2 Kc2 74. Ke3 Bg6 75. Kd4 Kb3 76. Ke3 Kb4 77. Kd2 Be4 78. Kc1 Kc3 79.
Kd1 Bd3 80. Ke1 Kc2 1/2-1/2

[Event "3MCR_3DW_1L_2S"]
[Site "?"]
[Date "2009.??.??"]
[Round "?"]
[White "Zahour, Jiri"]
[Black "Toman, Antonin"]
[Result "1/2-1/2"]
[WhiteElo "2321"]
[BlackElo "2204"]
[Annotator "073"]
[PlyCount "131"]
[EventDate "2009.??.??"]
[EventType "corr"]
[SourceDate "2002.06.29"]

1. e4 e5 2. Nf3 Nc6 3. d4 exd4 4. Nxd4 Bc5 5. Nxc6 Qf6 6. Qf3 dxc6 7. Nc3 Be6
8. Be3 Qxf3 9. gxf3 Bxe3 10. fxe3 g6 11. Ne2 Ke7 12. Nd4 Nf6 13. Rg1 Rhd8 14.
Bd3 a5 15. a4 Nd7 16. f4 f6 17. Nxe6 Kxe6 18. h4 Nc5 19. Ke2 Rd7 20. h5 Kf7 21.
Rg4 Nxd3 22. cxd3 c5 23. hxg6+ hxg6 24. Rh1 Rg8 25. b3 b6 26. Kd2 g5 27. Rh7+
Ke6 28. Rh6 Kf7 29. Ke2 gxf4 30. Rh7+ Ke6 31. Rxd7 Rxg4 32. Rxc7 f5 33. Rc6+
Ke5 34. exf5 Kxf5 35. exf4 Kxf4 36. Kd2 Ke5 37. Rxb6 Rg1 38. Kc3 Rc1+ 39. Kb2
Rd1 40. Kc2 Rg1 41. Ra6 Kd4 42. Rd6+ Ke5 43. Rd7 Rh1 44. Rg7 Kd4 45. Rg4+ Kd5
46. Rg6 Kd4 47. Rd6+ Ke5 48. Rd7 Rg1 49. Rd8 Rf1 50. Kb2 Rg1 51. Ra8 Kd4 52.
Rxa5 Rg2+ 53. Ka3 Rg1 54. Rb5 Rh1 55. a5 Rg1 56. Kb2 Rg2+ 57. Kb1 Rg1+ 58. Kc2
Rg2+ 59. Kc1 Rg1+ 60. Kd2 Rg2+ 61. Ke1 Ra2 62. Kf1 Rb2 63. Rb8 Kxd3 64. a6 Ra2
65. Rb6 c4 66. bxc4 1/2-1/2

[Event "3MCR_3DW_1L_2S"]
[Site "?"]
[Date "2009.??.??"]
[Round "?"]
[White "Zahour, Jiri"]
[Black "Schwarz, Jan"]
[Result "1-0"]
[WhiteElo "2321"]
[BlackElo "2251"]
[Annotator "074"]
[PlyCount "195"]
[EventDate "2009.??.??"]
[EventType "corr"]
[SourceDate "2002.06.29"]

1. e4 e5 2. Nf3 Nf6 3. Nxe5 d6 4. Nf3 Nxe4 5. d4 d5 6. Bd3 Bd6 7. O-O Bg4 8. c4
c6 9. h3 Be6 10. cxd5 cxd5 11. Nc3 Nf6 12. Ng5 O-O 13. Re1 Qd7 14. Qc2 h6 15.
Nxe6 fxe6 16. Qe2 Re8 17. Bg6 Re7 18. Be3 Nc6 19. f4 Rf8 20. Rac1 a6 21. g3 Bb8
22. Qd3 Ba7 23. Kg2 Qd6 24. Bf2 Nd7 25. a3 Rf6 26. h4 Nf8 27. Bh5 g5 28. hxg5
hxg5 29. fxg5 Rxf2+ 30. Kxf2 Rh7 31. Rh1 Nxd4 32. Kg2 Rg7 33. Rcf1 Rxg5 34.
Bf7+ Kg7 35. Rh5 Rf5 36. g4 Rxf1 37. Qxf1 Qe7 38. Qf4 Qf6 39. Qxf6+ Kxf6 40.
Be8 Ke7 41. Ba4 Kf6 42. Rh1 b5 43. Bd1 Ng6 44. Rh7 Nc6 45. Bc2 Nf4+ 46. Kg3 Be3
47. Rh8 b4 48. axb4 Nxb4 49. Bb1 Nbd3 50. Rf8+ Kg7 51. Rb8 Ne5 52. Ra8 d4 53.
Ra7+ Kf8 54. Ne4 Ne2+ 55. Kh4 d3 56. Rxa6 Ng6+ 57. Kh3 Ngf4+ 58. Kh2 Nd4 59.
Ra8+ Kf7 60. Ra4 Kg7 61. Ba2 Kg6 62. Bc4 Nf3+ 63. Kg3 Ne5 64. Bb3 Ne2+ 65. Kh3
Nf4+ 66. Kh4 d2 67. Bc2 Kg7 68. b3 Nfd3 69. Ra1 Nb4 70. Bd1 Nec6 71. g5 Nd5 72.
Ra4 Nd4 73. Kh5 Nc6 74. Ra6 Ndb4 75. Ra8 Nd3 76. Re8 Nf4+ 77. Kh4 Kg6 78. Rf8
Kg7 79. Rc8 Ng6+ 80. Kg3 Nge7 81. Re8 Nf5+ 82. Kf3 Nb4 83. Ke2 Bf4 84. Rd8 Be3
85. Rb8 Nd5 86. Rb7+ Kg6 87. Bc2 Nd4+ 88. Kd1 Nc6 89. Nxd2+ Kxg5 90. Be4 Ncb4
91. Bxd5 Nxd5 92. b4 Kf5 93. Kc2 Kf4 94. b5 Ke5 95. Nc4+ Kd4 96. Nxe3 Nxe3+ 97.
Kb3 Kc5 98. Ka4 1-0

[Event "3MCR_3DW_1L_2S"]
[Site "?"]
[Date "2009.??.??"]
[Round "?"]
[White "Vozda, Jindrich"]
[Black "Schwarz, Jan"]
[Result "1-0"]
[WhiteElo "2444"]
[BlackElo "2251"]
[Annotator "075"]
[PlyCount "119"]
[EventDate "2009.??.??"]
[EventType "corr"]
[SourceDate "2002.06.29"]

1. e4 c6 2. d4 d5 3. exd5 cxd5 4. c4 Nf6 5. Nc3 e6 6. Nf3 Be7 7. Bd3 dxc4 8.
Bxc4 a6 9. Ne5 Qd6 10. O-O Nc6 11. Nxc6 Qxc6 12. Bb3 O-O 13. Re1 Qc7 14. Bg5 h6
15. Bh4 Rd8 16. d5 Qa5 17. Bxf6 Bxf6 18. Qf3 Qb6 19. Re4 Bd7 20. Rae1 Kh8 21.
g3 Rac8 22. dxe6 fxe6 23. Bxe6 Bxe6 24. Rxe6 Qxb2 25. Nd5 Bg5 26. h4 Rf8 27.
Qg2 Bd2 28. R1e2 Rc6 29. Rxc6 bxc6 30. Ne7 Qb1+ 31. Qf1 Qc2 32. Re6 Kh7 33. Qe2
Qb1+ 34. Kg2 Bb4 35. Ng6 Rf6 36. Rxf6 gxf6 37. h5 f5 38. Kh2 Qe1 39. Qc2 Qe4
40. Qb2 Kg8 41. Qh8+ Kf7 42. Qh7+ Ke8 43. Qxh6 Bd6 44. Qh8+ Kf7 45. Qh7+ Ke6
46. Qg8+ Kd7 47. Nf8+ Kd8 48. Nh7+ Kc7 49. Qf7+ Kb6 50. Nf6 Qe7 51. Qxe7 Bxe7
52. Ng8 Bf8 53. h6 c5 54. h7 Bg7 55. Kg2 c4 56. Kf3 c3 57. Ke3 Kc5 58. Ne7 f4+
59. gxf4 Kc4 60. Ng6 1-0

[Event "3MCR_3DW_1L_1S"]
[Site "?"]
[Date "2009.??.??"]
[Round "?"]
[White "Makovsky, Petr"]
[Black "Jandovsky, Viktor"]
[Result "1-0"]
[WhiteElo "2324"]
[BlackElo "2285"]
[Annotator "078"]
[PlyCount "101"]
[EventDate "2009.??.??"]
[EventType "corr"]
[SourceDate "2002.06.29"]

1. e4 e6 2. d4 d5 3. Nc3 Nf6 4. Bg5 dxe4 5. Nxe4 Be7 6. Bxf6 gxf6 7. Nf3 b6 8.
Bc4 Bb7 9. Qe2 c6 10. O-O-O Qc7 11. Qe3 Nd7 12. Kb1 O-O-O 13. Rhg1 Kb8 14. h4
h5 15. Rge1 Nf8 16. Bd3 Nd7 17. Ned2 c5 18. Be4 Rhg8 19. g3 cxd4 20. Nxd4 Ne5
21. c3 Ng4 22. Qe2 Bd5 23. N2b3 Qb7 24. Bh7 Rh8 25. c4 Bf3 26. Nxf3 Rxd1+ 27.
Rxd1 Rxh7 28. c5 Rh8 29. a3 Rc8 30. cxb6 Qxb6 31. Nfd4 f5 32. f3 Nf6 33. Ka2
Bd6 34. f4 a6 35. Nf3 Ne4 36. Rd4 Ka7 37. Qd1 Nf2 38. Qe1 Ne4 39. Nfd2 e5 40.
Nc4 Qc7 41. fxe5 Bxe5 42. Nxe5 Qxe5 43. Qg1 Ka8 44. Rd7 Rc7 45. Rd8+ Kb7 46.
Qd1 Qe6 47. Qxh5 Nxg3 48. Qd1 Ne4 49. h5 Rc8 50. Rd7+ Rc7 51. Rd5 1-0

[Event "3MCR_3DW_1L_1S"]
[Site "?"]
[Date "2009.??.??"]
[Round "?"]
[White "Jandovsky, Viktor"]
[Black "Kaas, Jaroslav"]
[Result "0-1"]
[WhiteElo "2285"]
[BlackElo "1800"]
[Annotator "079"]
[PlyCount "112"]
[EventDate "2009.??.??"]
[EventType "corr"]
[SourceDate "2002.06.29"]

1. e4 e5 2. Nf3 Nc6 3. Bb5 a6 4. Ba4 Nf6 5. O-O Be7 6. Re1 b5 7. Bb3 O-O 8. c3
d6 9. h3 Nb8 10. d4 Nbd7 11. Nbd2 Bb7 12. Bc2 Re8 13. Nf1 g6 14. Ng3 Bf8 15. b3
Bg7 16. d5 Qe7 17. c4 c6 18. Be3 Rec8 19. Rc1 a5 20. Qd2 Nc5 21. Bxc5 dxc5 22.
Qg5 Re8 23. cxb5 cxd5 24. exd5 Nxd5 25. Qxe7 Rxe7 26. Ne4 f5 27. Nxc5 Bh6 28.
Rcd1 Nc3 29. Rxe5 Rxe5 30. Nxe5 Nxd1 31. Nxb7 Re8 32. Nf3 Rb8 33. Nd6 Nb2 34.
g4 fxg4 35. hxg4 Bf8 36. Nc4 Nxc4 37. bxc4 Re8 38. Bd3 Bc5 39. Ng5 Rd8 40. Be4
Rd1+ 41. Kg2 Ba7 42. Bd5+ Kf8 43. Nxh7+ Ke7 44. Ng5 Rd2 45. Ne4 Rxa2 46. c5 Rb2
47. b6 Bb8 48. Kf3 a4 49. Nc3 a3 50. Ke3 Bh2 51. b7 Be5 52. Na2 g5 53. Ke4 Re2+
54. Kf3 Rc2 55. c6 Bc7 56. Nb4 Rb2 0-1

[Event "3MCR_3DW_1L_2S"]
[Site "?"]
[Date "2009.??.??"]
[Round "?"]
[White "Postl, Rostislav"]
[Black "Schwarz, Jan"]
[Result "1-0"]
[WhiteElo "2297"]
[BlackElo "2251"]
[Annotator "076"]
[PlyCount "87"]
[EventDate "2009.??.??"]
[EventType "corr"]
[SourceDate "2002.06.29"]

1. e4 c5 2. Nf3 d6 3. d4 cxd4 4. Nxd4 Nf6 5. Nc3 a6 6. Be3 e5 7. Nb3 Be6 8. f3
h5 9. Nd5 Bxd5 10. exd5 Nbd7 11. Qd2 Qc7 12. Na5 b6 13. Nc6 Nxd5 14. Qxd5 Nf6
15. Qb3 Qxc6 16. Bd3 Be7 17. Bg5 d5 18. O-O-O O-O 19. Rhe1 Qe6 20. h3 a5 21. a4
Rfd8 22. g4 g6 23. Bb5 Rac8 24. f4 e4 25. f5 Qe5 26. Kb1 Kg7 27. Rg1 gxf5 28.
gxf5 Kh7 29. Be2 Rc6 30. Rg2 Rcc8 31. c3 Bc5 32. Rf1 e3 33. Bd3 Rg8 34. h4 Kh8
35. Qd1 Rg7 36. Qf3 Rcg8 37. Rfg1 Ng4 38. f6 Rh7 39. Rf1 Qe6 40. Bf5 Qe5 41.
Rd1 Rd8 42. Rxg4 hxg4 43. Qxg4 Bf8 44. Re1 1-0

[Event "3MCR_3DW_1L_2S"]
[Site "?"]
[Date "2009.??.??"]
[Round "?"]
[White "Vozda, Jindrich"]
[Black "Docekal, Ales"]
[Result "1-0"]
[WhiteElo "2444"]
[BlackElo "2108"]
[Annotator "077"]
[PlyCount "79"]
[EventDate "2009.??.??"]
[EventType "corr"]
[SourceDate "2002.06.29"]

1. e4 e5 2. Nf3 Nc6 3. Bb5 Nf6 4. d3 Bc5 5. Bxc6 dxc6 6. O-O Qe7 7. h3 O-O 8.
Bg5 h6 9. Bh4 Bd6 10. Re1 g5 11. Bg3 Nh5 12. Bxe5 Bxe5 13. Nxe5 Qxe5 14. Qxh5
Qxb2 15. Nd2 Kg7 16. Qd1 b6 17. Nf1 c5 18. Ng3 Qe5 19. Qd2 g4 20. h4 Be6 21. c3
Rad8 22. Rad1 Rd6 23. d4 cxd4 24. cxd4 Rfd8 25. d5 c5 26. Qf4 f6 27. Qd2 Bc8
28. a4 Bd7 29. Qc2 Re8 30. a5 Bc8 31. Re3 Red8 32. Nf1 f5 33. exf5 Qxf5 34. Qe2
Kf8 35. Re5 Qf7 36. Qe3 Bd7 37. Ng3 Qf6 38. Nh5 Qf7 39. Ra1 Kg8 40. axb6 1-0

[Event "3MCR_3DW_1L_2S"]
[Site "?"]
[Date "2009.??.??"]
[Round "?"]
[White "Blecha, Miroslav"]
[Black "Hrdy, Roman"]
[Result "1/2-1/2"]
[WhiteElo "2298"]
[BlackElo "2264"]
[Annotator "078"]
[PlyCount "86"]
[EventDate "2009.??.??"]
[EventType "corr"]
[SourceDate "2002.06.29"]

1. e4 c5 2. Nf3 d6 3. d4 cxd4 4. Nxd4 Nf6 5. Nc3 a6 6. Be3 e5 7. Nb3 Be6 8. f3
h5 9. Nd5 Bxd5 10. exd5 Nbd7 11. Qd2 Qc7 12. c4 Be7 13. Bd3 h4 14. O-O a5 15.
a4 Kf8 16. Rae1 Kg8 17. Qc2 Rc8 18. Rc1 b6 19. Bf5 Rb8 20. f4 Nh5 21. fxe5 dxe5
22. Kh1 Ndf6 23. Nd2 Nf4 24. Ne4 Nxe4 25. Qxe4 Bd6 26. Bxf4 exf4 27. Rce1 Rf8
28. Bg4 g6 29. Qd4 Kh7 30. b3 f5 31. Bd1 Re8 32. h3 Be5 33. Qf2 Kg7 34. Re2 Kf6
35. Qe1 Re7 36. Bc2 Rhh7 37. Qd1 Kg5 38. Rfe1 Qd6 39. b4 axb4 40. a5 Bf6 41.
Rxe7 Rxe7 42. Rxe7 Qxe7 43. axb6 Qc5 1/2-1/2